000 00795nam a2200181 i 4500
001 147372
003 ES-MaACL
005 20230906201950.0
007 t|
008 070928m19031906gw ||||1| ger d
100 1 _aUeberweg, Friedrich.
_9111871
245 1 0 _aGrundriss der Geshichte der Philosophie... Neunte... /
_cFriedrich Ueberweg ; auflage bearbeitet und herausgegeben von Max Heinze.
260 _aBerlin :
_bErnst Siegfried Mittler,
_c1903-1906.
300 _a4 v. :
_b23 cm.
505 8 _aContiene: v.1.-- Das Alterthum. v.2.-- Die mittlere oder die patristische und scholastische Zeit. v.3.-- Die Neuzeit bis zum Ende des achtzehnten Jahrhunderts. v.4.-- Die Philosophie seit Beginn des neunzehnten Jahrhunderts
700 1 _aHeinze, Max.
_962393
852 _aES-MaACL
_jC-2549-52
999 _c147372
_d147372